Význam a využitie účtovnej závierky a manažérskej výsledovky v podnikovom reportingu pre manažment diplomová práca

Guardado en:
Detalles Bibliográficos
Autor principal: Hutlasová, Katarína
Autor Corporativo: Fakulta podnikového manažmentu EU. Katedra podnikovohospodárska
Otros Autores: Foltínová, Alžbeta
Formato: Libro
Lenguaje:eslovaco
Publicado: Bratislava 2012
Etiquetas: Agregar Etiqueta
Sin Etiquetas, Sea el primero en etiquetar este registro!

MARC

LEADER 00000nbm a2200000 4500
001 0152367
005 20161109102031.8
041 0 |a slo 
044 |a SK 
245 1 0 |a Význam a využitie účtovnej závierky a manažérskej výsledovky v podnikovom reportingu pre manažment  |b diplomová práca  |c Katarína Hutlasová ; školiteľ: Alžbeta Foltínová 
264 1 |a Bratislava  |c 2012 
300 |a 72 s. 
100 1 |a Hutlasová, Katarína 
700 1 |a Foltínová, Alžbeta 
710 2 |a Fakulta podnikového manažmentu EU. Katedra podnikovohospodárska